<?xml version="1.0" encoding="UTF-8"?>
<collection xmlns="http://www.loc.gov/MARC21/slim">
  <record>
    <leader>00000nam  2200000   4500</leader>
    <controlfield tag="001">INLIS000000000013208</controlfield>
    <controlfield tag="005">20220905084507</controlfield>
    <datafield tag="035" ind1="#" ind2="#">
      <subfield code="a">0010-0822000009</subfield>
    </datafield>
    <datafield tag="245" ind1="1" ind2="#">
      <subfield code="a">Optimalisasi Tata Kelola Arsip Digital di Era New Normal Sebagai Bukti Akuntabilitas Kinerja Pemerintah dan Memori Kolektif Dinas Perpustakan dan Arsip Daerah Kabupaten Lamandau /</subfield>
      <subfield code="c">Norita Indayanie, S.E., M.A.P.</subfield>
    </datafield>
    <datafield tag="100" ind1="1" ind2="#">
      <subfield code="a">INDAYANIE, Norita</subfield>
    </datafield>
    <datafield tag="250" ind1="#" ind2="#">
      <subfield code="a">1</subfield>
    </datafield>
    <datafield tag="300" ind1="#" ind2="#">
      <subfield code="a">41 halaman :</subfield>
      <subfield code="b">ilustrasi ;</subfield>
      <subfield code="c">30 cm</subfield>
    </datafield>
    <datafield tag="260" ind1="#" ind2="#">
      <subfield code="a">Samarinda :</subfield>
      <subfield code="b">Puslatbang KDOD,</subfield>
      <subfield code="c">2020</subfield>
    </datafield>
    <datafield tag="084" ind1="#" ind2="#">
      <subfield code="a">PKN 294 2020</subfield>
    </datafield>
    <datafield tag="520" ind1="#" ind2="#">
      <subfield code="a">Laporan proyek perubahan ini didorong pada masa pandemi sangat berpengaruh dalam pengelolaan layanan kearsipan untuk arsip digital berbasis teknologi informasi sehingga diperlukan reformasi dalam perubahan lingkungan dan dinamika tuntutan masyarakat. Proyek ini akan menjadikan arsip sebagai big data yang menggambarkan informasi Kabupaten Lamandau secara utuh dan terintegrasi  dengan peralihan sistem kearsipan manual menjadi digital yang mudah diakses oleh semua stakeholder untuk membantu pengambilan keputusan dan menjamin kepastian atas kepatuhan serta akuntabilitas penyelenggaraan kearsipan terhadap prinsip, kaidah standar kearsipan.</subfield>
    </datafield>
    <datafield tag="500" ind1="#" ind2="#">
      <subfield code="a">Coach : Prof. Dr. Sukisno S. Riadi M.M&#13;
Penguji : Ismayanti, DEM.., DEA&#13;
Mentor : Riko Porwanto, S.STP</subfield>
    </datafield>
    <controlfield tag="008">220905################|##########|#|##</controlfield>
    <datafield tag="650" ind1="#" ind2="4">
      <subfield code="a">Proyek Perubahan</subfield>
    </datafield>
    <datafield tag="650" ind1="#" ind2="4">
      <subfield code="a">Kepemimpinan Nasional Tingkat II</subfield>
    </datafield>
    <datafield tag="650" ind1="#" ind2="4">
      <subfield code="a">teknologi informasi</subfield>
    </datafield>
    <datafield tag="650" ind1="#" ind2="4">
      <subfield code="a">sistem  infomasi</subfield>
    </datafield>
    <datafield tag="650" ind1="#" ind2="4">
      <subfield code="a">manajemen database</subfield>
    </datafield>
    <datafield tag="650" ind1="#" ind2="4">
      <subfield code="a">arsip digital</subfield>
    </datafield>
    <datafield tag="650" ind1="#" ind2="4">
      <subfield code="a">layanan informasi</subfield>
    </datafield>
    <datafield tag="990" ind1="#" ind2="#">
      <subfield code="a">PKN/294/2020</subfield>
    </datafield>
  </record>
</collection>
